00544nmm a2200169Ia 4500008004100000020001800041041000800059100002600067245006900093264006900162300001800231490002200249650002900271856005000300942000700350999001700357251105s9999||||xx |||||||||||||||||und|| a9788492774609 aspa aLucea Ayala, Víctor 0aEl pueblo en movimiento: protesta social en Aragón (1885-1917) a[Madrid, España] :bPrensas Universitarias de Zaragoza, c2009 a599 páginas aCiencias sociales aHistory of Europe: Spain uhttps://public.digitaliapublishing.com/a/6358 cCF c89066d89066